000
00335pam a2200157a 44500
008
230515b1974 xxu||||| |||| 00| 0 eng d
020
_a
NULL
041
_a
ENGLISH
082
_a
630
100
_a
7232-1974
245
_a
METHOD FOR IMHOFFCONE TEXT
250
_a
0
260
_a
DELHI
_b
ISI
_c
1974
300
_a
12
650
_a
NULL
999
_c
652029
_d
652029